<?xml version="1.0" encoding="UTF-8"?>
<record
    xmlns:xsi="http://www.w3.org/2001/XMLSchema-instance"
    xsi:schemaLocation="http://www.loc.gov/MARC21/slim http://www.loc.gov/standards/marcxml/schema/MARC21slim.xsd"
    xmlns="http://www.loc.gov/MARC21/slim">

  <leader>01632cam a2200313 i 4500</leader>
  <controlfield tag="003">OCoLC</controlfield>
  <controlfield tag="005">20210304135428.0</controlfield>
  <controlfield tag="007">ta</controlfield>
  <controlfield tag="008">181211s2018    sp ab  gr     000 0 spa d</controlfield>
  <datafield tag="020" ind1=" " ind2=" ">
    <subfield code="a">9789587591507</subfield>
  </datafield>
  <datafield tag="040" ind1=" " ind2=" ">
    <subfield code="a">CO-BoPUJ</subfield>
    <subfield code="c">CO-JMCR</subfield>
  </datafield>
  <datafield tag="041" ind1="0" ind2=" ">
    <subfield code="a">spa</subfield>
  </datafield>
  <datafield tag="082" ind1="0" ind2="4">
    <subfield code="a">333.3186126 / </subfield>
    <subfield code="b">V152c</subfield>
    <subfield code="2">23</subfield>
  </datafield>
  <datafield tag="100" ind1="1" ind2=" ">
    <subfield code="a">Valencia Llano, Albeiro</subfield>
    <subfield code="e">autor</subfield>
    <subfield code="9">14362</subfield>
  </datafield>
  <datafield tag="245" ind1="1" ind2="0">
    <subfield code="a">Colonizaci&#xF3;n antioque&#xF1;a y vida cotidiana : </subfield>
    <subfield code="b">construcci&#xF3;n de la regi&#xF3;n caldense / </subfield>
    <subfield code="c">Albeiro Valencia Llano</subfield>
  </datafield>
  <datafield tag="260" ind1=" " ind2=" ">
    <subfield code="a">Manizales : </subfield>
    <subfield code="b">Universidad de Caldas, </subfield>
    <subfield code="c">2018.</subfield>
  </datafield>
  <datafield tag="300" ind1=" " ind2=" ">
    <subfield code="a">450 p&#xE1;ginas : </subfield>
    <subfield code="b">ilustraciones y mapas a blanco y negro ; </subfield>
    <subfield code="c">21 cm.</subfield>
  </datafield>
  <datafield tag="490" ind1="1" ind2=" ">
    <subfield code="a">Ensayos</subfield>
  </datafield>
  <datafield tag="504" ind1=" " ind2=" ">
    <subfield code="a">Bibliograf&#xED;a: p&#xE1;ginas 439-450.</subfield>
  </datafield>
  <datafield tag="505" ind1="0" ind2=" ">
    <subfield code="a">La colonizaci&#xF3;n como un proceso -- La vida familiar -- Los andariegos -- Colonizaci&#xF3;n y conflictos -- La gesta de la arrier&#xED;a -- La guaquer&#xED;a -- Empresarios y formaci&#xF3;n de fortunas -- La cultura del caf&#xE9; -- La religi&#xF3;n caldense </subfield>
  </datafield>
  <datafield tag="520" ind1="0" ind2=" ">
    <subfield code="a">Este libro tuvo su primera aparici&#xF3;n en 1996 con el t&#xED;tulo "Vida cotidiana y desarrollo regional en la colonizaci&#xF3;n antioque&#xF1;a" . En esta nueva edici&#xF3;n, ampliada y corregida, Albeiro Valencia Llano reconstruye un pasado que a&#xFA;n sobrevive en poblaciones trepadas en las monta&#xF1;as.</subfield>
  </datafield>
  <datafield tag="650" ind1="2" ind2="4">
    <subfield code="a">Desarrollo social</subfield>
    <subfield code="z">Antioquia (Colombia)</subfield>
    <subfield code="9">14363</subfield>
  </datafield>
  <datafield tag="650" ind1="2" ind2="4">
    <subfield code="a">Vida cotidiana</subfield>
    <subfield code="z">Antioquia (Colombia)</subfield>
    <subfield code="9">14364</subfield>
  </datafield>
  <datafield tag="651" ind1=" " ind2="4">
    <subfield code="a">Antioquia (Colombia)</subfield>
    <subfield code="x">Condiciones econ&#xF3;micas</subfield>
    <subfield code="9">14365</subfield>
  </datafield>
  <datafield tag="651" ind1=" " ind2="4">
    <subfield code="a">Antioquia (Colombia)</subfield>
    <subfield code="x">Vida social y costumbres</subfield>
    <subfield code="9">14366</subfield>
  </datafield>
  <datafield tag="651" ind1=" " ind2="4">
    <subfield code="a">Antioquia (Colombia)</subfield>
    <subfield code="x">Colonizaci&#xF3;n</subfield>
    <subfield code="x">Historia</subfield>
    <subfield code="9">14367</subfield>
  </datafield>
  <datafield tag="830" ind1=" " ind2="0">
    <subfield code="a">Ensayos</subfield>
    <subfield code="9">14368</subfield>
  </datafield>
  <datafield tag="942" ind1=" " ind2=" ">
    <subfield code="2">ddc</subfield>
    <subfield code="c">BK</subfield>
  </datafield>
  <datafield tag="999" ind1=" " ind2=" ">
    <subfield code="c">7443</subfield>
    <subfield code="d">7443</subfield>
  </datafield>
  <datafield tag="952" ind1=" " ind2=" ">
    <subfield code="0">0</subfield>
    <subfield code="1">0</subfield>
    <subfield code="2">ddc</subfield>
    <subfield code="4">0</subfield>
    <subfield code="7">0</subfield>
    <subfield code="a">CPL</subfield>
    <subfield code="b">CPL</subfield>
    <subfield code="c">GEN</subfield>
    <subfield code="d">0000-00-00</subfield>
    <subfield code="e">Donaci&#xF3;n</subfield>
    <subfield code="l">0</subfield>
    <subfield code="o">333.3186126 / V152c</subfield>
    <subfield code="p">201810531</subfield>
    <subfield code="r">2024-05-16 00:00:00</subfield>
    <subfield code="t">Ej.1</subfield>
    <subfield code="w">0000-00-00</subfield>
    <subfield code="y">BK</subfield>
  </datafield>
</record>
